[Event "FIDE Online-ch U18 Open 2020"]
[Site "Online"]
[Date "2020.12.19"]
[Round "4.2"]
[White "Sonis, Francesco"]
[Black "Gholami Orimi, Mahdi"]
[Result "0-1"]
[WhiteElo "2483"]
[BlackElo "2428"]
[Annotator "TA"]
[PlyCount "110"]
[EventDate "2020.12.19"]
[EventType "k.o."]
[EventCountry "NET"]
[SourceTitle "playchess.com"]
[Source "ChessBase"]
[SourceQuality "1"]

{[%evp 9,110,13,20,20,20,12,45,47,29,11,33,27,22,35,34,19,8,-9,5,0,0,0,0,0,0,0,0,-13,-21,-64,-58,-63,-61,-73,-47,-147,-85,-191,-194,-221,-165,-156,68,-122,-108,-127,-76,-245,-239,-330,-312,-331,-318,-315,-331,-320,-53,-142,275,-206,-195,-354,-321,-369,-368,-434,-368,-439,-426,-552,-384,-376,-378,-383,-331,-398,-383,-493,-471,-527,-491,-557,-557,-585,-584,-575,-571,-561,-499,-506,-497,-602,-598,-670,-663,-866,-841,-1572,-1538,-4810,-2547,-29973,-11642]} 1. d4 f5 2. Nc3 Nf6 3. Bg5 d5 4. e3 e6 5. Nf3 Bd6 6. Bd3 {A80: Dutch Defence: Unusual White second moves.} O-O 7. O-O c5 8. dxc5 {White is slightly better.} Bxc5 9. Ne2 h6 10. Bf4 Nc6 11. c4 Qe7 {[#]} 12. Ne5 $146 ({Predecessor:} 12. Ned4 Bd7 13. Rc1 Bd6 14. Bxd6 Qxd6 15. Nb5 Qe7 16. cxd5 Nxd5 17. Bc4 Nb6 18. Be2 {½-½ (38) Mollov,E (2322)-Demir,B (2069) Konya 2017}) 12... Rd8 13. Qb1 Bd7 14. cxd5 Nxd5 15. Nxd7 Rxd7 16. Bg3 Rad8 17. Bc4 Nb6 18. Bb3 Na5 19. Nf4 Nxb3 20. axb3 Qf7 21. Qc2 (21. Rxa7 Nc4 $1 $17 {[%mdl 512]}) 21... Bb4 22. Qe2 (22. Rfd1 $15) 22... a6 (22... g5 $142 23. Nh3 a6) 23. Nh3 (23. Rfd1 $17) 23... Rd2 $19 24. Qf3 Rxb2 25. e4 g5 $2 (25... Rbd2 $17 26. Qf4 Bc3) 26. Be5 $2 (26. Qe3 $1 $14 {was the only good move.} Qe7 27. Qxb6) 26... Rbd2 $36 {[%mdl 2048] ...R8d3 is the strong threat. Black is really pushing.} 27. Qg3 R8d3 {[#]} (27... Qe7 $142 {And now ...R8d3 would win.} 28. Nxg5 Qxg5) 28. f3 $2 (28. Nxg5 $1 $17 {[%mdl 512] is the only way for White.} hxg5 29. Qxg5+ Kf8 30. Rac1) 28... Nd7 29. Nxg5 hxg5 30. Qxg5+ Kf8 31. Rac1 {White threatens Rc8+ and mate.} Bc5+ ({Worse is} 31... Nxe5 32. Rc8+ Rd8 33. Rxd8+ Rxd8 34. Qxd8+ Qe8 35. Qf6+ Nf7 36. exf5 $11) 32. Kh1 a5 $2 ({Black should try} 32... Qg8 $19 33. Qh6+ Kf7 $1 {[%mdl 512]}) 33. exf5 (33. Bc3 $1 $15 Ra2 34. Qd8+ Qe8 35. Qg5) 33... Qxf5 $2 {[%mdl 8192]} ({Don't go for} 33... exf5 $2 34. Qh6+ Ke7 35. Rfe1 $18) (33... Nxe5 $17 {and life is bright.} 34. Rxc5 Nc6 35. fxe6 Qxe6) 34. Qh6+ $4 {[%mdl 8192]} (34. Qg7+ $18 {was the only winning move.} Ke8 35. Rxc5 $1 {[%mdl 512]} Nxe5 36. Rxe5) 34... Ke8 35. Bf4 $2 {[#]} (35. Qh8+ {was called for.} Qf8 36. Qh5+ Kd8 37. Bc3) 35... Re2 $1 36. Bg5 b6 37. Qg7 {aiming for Rxc5!} Qf7 38. Qh8+ Nf8 39. Rc4 {White hopes to continue with Rf4.} Rd5 40. Rf4 Rf5 (40... Rxg5 $2 41. Rxf7 Kxf7 42. Qh3 $17) 41. Rd1 {[%csl Gg5][%cal Rd1d8]} Be7 ({Weaker is} 41... Rxg5 42. Rxf7 Kxf7 43. g3 $17) 42. Qc3 {Qc8+ would kill now.} Qg6 {Strongly threatening ...Rxf4.} 43. Qc6+ Kf7 $1 {Threatens to win with ...Rxf4.} 44. Rxf5+ exf5 45. Qc4+ Qe6 46. Qxe6+ Nxe6 47. Bxe7 Kxe7 {[%mdl 4096] Endgame KRN-KR} 48. h4 Nf4 49. g3 Ng6 50. Kg1 Ne5 51. f4 Ng4 52. Rc1 Re3 {[%mdl 64] Double Attack} 53. Kg2 Rxb3 54. h5 Rb2+ 55. Kg1 a4 {Accuracy: White = 39%, Black = 63%.} (55... Kd6 $142 56. Ra1 Rh2 57. Ra3 Kc5 58. Kf1 Kb4 59. Rd3 a4 60. Rd6 b5 61. Rd4+ {[#]} Kc3 $1 {[%mdl 512]} 62. Rd7 a3 63. h6 a2 64. Ra7 Nxh6 65. Ke1 Kb2 66. Kd1 a1=Q+ 67. Rxa1 Kxa1 68. g4 Nxg4 69. Kc1 b4 70. Kd1 b3 71. Ke1 b2 72. Kf1 b1=Q#) 0-1

[Event "FIDE Online-ch U18 Open 2020"]
[Site "Online"]
[Date "2020.12.19"]
[Round "4.3"]
[White "Gholami Orimi, Mahdi"]
[Black "Sonis, Francesco"]
[Result "1/2-1/2"]
[WhiteElo "2428"]
[BlackElo "2483"]
[Annotator "TA"]
[PlyCount "146"]
[EventDate "2020.12.19"]
[EventType "k.o."]
[EventCountry "NET"]
[SourceTitle "playchess.com"]
[Source "ChessBase"]
[SourceQuality "1"]

{[%evp 9,146,-8,0,0,0,-23,-12,-14,-4,-6,-6,-25,14,7,14,0,20,33,25,0,35,0,63,56,51,58,49,64,66,67,79,0,272,0,0,-54,-54,-236,-54,-63,-45,-40,0,0,35,-78,-77,-93,242,242,242,239,236,236,224,217,237,239,289,261,283,225,285,240,246,243,224,186,247,170,173,151,178,204,293,295,315,316,387,234,659,639,29952,12844,29978,29979,29979,29980,29980,29981,29981,29980,29980,29979,29979,29979,29981,29981,29981,29982,29982,29983,29983,29984,29985,29986,29986,29987,29989,29986,29986,29987,29987,29988,29988,29989,29989,29990,29994,29995,29996,29993,29993,29991,29993,29992,29992,29992,29992,29993,29993,29993,29993,29994,29994,29994,29995,29995,29995]} 1. d4 d5 2. c4 e6 3. Nc3 Bb4 4. Nf3 Nf6 5. Bf4 O-O 6. e3 {D38: Queen's Gambit Declined: Ragozin Defence (4 Nf3 Bb4).} c5 7. Qc2 cxd4 8. Nxd4 {The position is equal.} Nc6 {[#]} (8... Qe7 {seems wilder.} 9. Nf3 Nc6 10. cxd5 exd5 11. Be2 d4) 9. Nxc6 $146 ({Predecessor:} 9. O-O-O Bxc3 10. Qxc3 Ne4 11. Qe1 Qb6 12. f3 Nc5 13. Kb1 e5 14. Nxc6 Qxc6 15. Bxe5 {0-1 (34) Vishnu,P (2493)-Ponkratov,P (2632) Moscow 2019}) 9... bxc6 10. Bd3 Qe7 11. O-O h6 12. Rfc1 Bb7 (12... e5 $5 13. Bg3 $8 Rd8 $11) 13. cxd5 cxd5 14. Qb3 (14. a3 $5 {[%cal Ra3b4]} Bd6 15. Bxd6 Qxd6 16. Nb5 $11) 14... Ba5 15. Nb5 {Black must now prevent Bd6.} Rfc8 (15... e5 $11 16. Bg3 Nh5) 16. Nd6 $14 Rxc1+ 17. Rxc1 Bb6 $1 18. Nxb7 Qxb7 19. Rc7 Qb8 20. Rxf7 ({White should play} 20. Rc6 $16 Qb7 21. Qc2) 20... Qd8 $2 {[%mdl 8192]} (20... Qc8 $11 {and Black has nothing to worry.} 21. Rxf6 (21. Re7 Bd8 $11) 21... Qc1+ 22. Bf1 gxf6) 21. Rb7 $2 (21. Bg6 $18) 21... Qc8 $11 22. Rxb6 (22. Re7 $11 Bd8 23. Rb7) 22... axb6 $15 23. Qxb6 $2 {[#]} (23. h3 $15) 23... Rxa2 $2 ({Better is} 23... Qc1+ $1 $19 24. Bf1 Rxa2) 24. h3 Ra1+ 25. Kh2 $1 Rc1 (25... Ne4 $5 {[%cal Re4f2]} 26. Bxe4 dxe4 $15) 26. Be5 Rc6 27. Qa7 (27. Qd4 $14) 27... Nd7 $17 28. Bg3 {[#] With the idea Bb5.} Nc5 $2 {[%mdl 8192]} (28... Rb6 $1 $17 {and life is bright.}) 29. Bb5 $18 Nd7 30. Bxc6 Qxc6 31. b4 {[%cal Bb2b4,Bb4b5][%mdl 32]} Kf7 32. Qa5 Qb6 33. Qa4 Nf6 34. b5 Nd7 35. Qf4+ Ke7 36. Qb4+ Kf7 37. Qa4 e5 38. e4 d4 (38... dxe4 $142 39. Qa2+ (39. Qxe4 Qxb5 40. Qf5+ Kg8 $16) 39... Ke7) 39. Qc4+ Qe6 40. Qe2 Nf6 41. Qc2 Nd7 (41... Qd6 $142) 42. f4 exf4 43. Bxf4 Ke7 {[#]} 44. e5 $1 {[%mdl 576] Deflection, Decoy} Nxe5 $2 (44... Qb6 45. Qc4 g5) 45. Qc5+ Kf6 46. Qxd4 g5 47. Qxe5+ {White mates.} ({Stronger than} 47. b6 gxf4 48. b7 (48. Qxf4+ Ke7 $11) 48... Qe8 $11) 47... Qxe5 48. Bxe5+ Kxe5 {[%mdl 4096] Endgame K3P-KPP} 49. Kg3 h5 50. Kf3 Kd5 51. Ke3 Kc5 52. Ke4 Kxb5 {KPP-KPP} 53. Kf5 g4 54. hxg4 hxg4 55. Kxg4 {KP-K} Kc6 56. Kf5 Kd6 57. Kf6 Kd7 58. g4 Ke8 59. Kg7 Ke7 60. g5 Ke6 61. g6 Ke7 62. Kh7 Kf6 63. g7 Kf7 64. g8=Q+ Kf6 65. Qg6+ Ke5 66. Qg5+ Ke4 67. Kg6 Kd4 68. Qf5 Kc4 69. Kg5 Kd4 70. Qf4+ Kd5 71. Kf5 Kc5 72. Qe4 Kd6 73. Qe5+ Kc6 {[%mdl 32768] Accuracy: White = 73%, Black = 52%. . An unexpected result.} 1/2-1/2